[Event "Khanty-Mansiysk Governor Cup Rapid"]
[Site "Khanty-Mansiysk"]
[Date "2023.11.27"]
[Round "5"]
[White "Krivitskiy, Alexandr"]
[Black "Belyakov, Bogdan"]
[Result "0-1"]
[WhiteElo "1803"]
[BlackElo "2415"]
[PlyCount "134"]
[EventDate "2023.11.26"]
[EventType "swiss (rapid)"]
[EventRounds "11"]
[EventCountry "RUS"]
[SourceTitle "CB49_2023"]
[SourceDate "2023.12.06"]
[SourceVersion "1"]
[SourceVersionDate "2023.12.06"]
[SourceQuality "1"]

1. e4 e5 2. Nf3 Nc6 3. Nc3 Nf6 4. Bb5 Nd4 5. Nxd4 exd4 6. e5 dxc3 7. exf6 Qxf6 8. dxc3 c6 9. Bd3 Qe5+ 10. Qe2 Qxe2+ 11. Kxe2 d5 12. Re1 Be6 13. Kf1 0-0-0 14. Bf4 Bd6 15. Bxd6 Rxd6 16. Re5 h6 17. Rae1 Kd8 18. Bf5 Bxf5 19. Rxf5 f6 20. Rf3 Re8 21. Rfe3 Rxe3 22. Rxe3 c5 23. Ke2 Kd7 24. Rg3 Re6+ 25. Kd2 g5 26. h4 Ke7 27. hxg5 fxg5 28. Rd3 Rf6 29. Ke2 Kd6 30. Rd1 Ke5 31. Rd3 h5 32. Re3+ Kd6 33. Rh3 Re6+ 34. Kd2 Rh6 35. Re3 h4 36. f3 h3 37. gxh3 Rxh3 38. a4 b6 39. b3 Rh2+ 40. Kd1 Rf2 41. Kc1 a6 42. Kd1 a5 43. Kc1 c4 44. bxc4 dxc4 45. Kb2 Kd5 46. Kc1 Rf1+ 47. Kb2 Rh1 48. Re8 Rh3 49. Rg8 Rg3 50. Rf8 Ke5 51. Rf7 Rh3 52. Rf8 Rh6 53. Kc1 Rf6 54. Rg8 Kf4 55. Kd2 Rf5 56. Ke2 b5 57. axb5 Rxb5 58. Rc8 Kg3 59. Rxc4 Re5+ 60. Kd3 Kxf3 61. Rc8 Rd5+ 62. Kc4 Rf5 63. Kd4 g4 64. c4 g3 65. c5 g2 66. Rg8 Rf4+ 67. Kd5 Rg4 0-1

[Event "Moscow op-A 19th"]
[Site "Moscow"]
[Date "2023.07.17"]
[Round "1"]
[White "Ivanov, Oleg"]
[Black "Krivitskiy, Alexandr"]
[Result "1/2-1/2"]
[WhiteElo "2425"]
[BlackElo "1868"]
[PlyCount "97"]
[EventDate "2023.07.17"]
[EventType "swiss"]
[EventRounds "9"]
[EventCountry "RUS"]
[SourceTitle "CBM 215 Extra"]
[Source "ChessBase"]
[SourceDate "2023.09.30"]
[SourceVersion "1"]
[SourceVersionDate "2023.09.30"]
[SourceQuality "1"]

1. e4 e5 2. Nf3 Nf6 3. d4 Nxe4 4. Bd3 d5 5. Nxe5 Nd7 6. Nxd7 Bxd7 7. 0-0 Bd6 8. c4 c6 9. Nc3 0-0 10. cxd5 Nxc3 11. bxc3 cxd5 12. Qh5 g6 13. Qxd5 Qc7 14. Qf3 Bxh2+ 15. Kh1 Bd6 16. c4 b6 17. Qf6 Rfe8 18. Bh6 Bf8 19. Bxf8 Rxf8 20. Rfe1 Rae8 21. Re3 Re6 22. Qh4 Rfe8 23. Rae1 Qd6 24. Rxe6 Rxe6 25. Rxe6 Qxe6 26. Qf4 Kg7 27. Kh2 h6 28. Qc7 Ba4 29. Qxa7 Qd6+ 30. Kg1 Qxd4 31. Qxa4 Qxd3 32. Qb5 Qd1+ 33. Kh2 Qd6+ 34. Kg1 Qd1+ 35. Kh2 Qd6+ 36. Kh3 Qd3+ 37. f3 Qe3 38. Qb2+ Kg8 39. Qb3 Qe6+ 40. g4 h5 41. Qd3 hxg4+ 42. fxg4 Qc6 43. Kg3 Qc7+ 44. Kf3 Qe7 45. Qb3 Qb7+ 46. Kf2 Qc7 47. Kf3 Qb7+ 48. Kf2 Qc7 49. Kf3 1/2-1/2